000 00577nmm a2200193Ia 4500
008 251105s9999||||xx |||||||||||||||||und||
020 _a9788416363216
041 _aspa
100 _aLennox, Judith
245 0 _aAntes de la tormenta :
_b Una gran historia de amor marcada con dos guerras
264 _a[Madrid, España] :
_bMaeva Ediciones,
_c2015
300 _a415 páginas
490 _aGrandes Novelas
650 _aRomance
700 _aLennox, Judith
700 1 _a Murillo Fort, Isabel
856 _uhttps://public.digitaliapublishing.com/a/44674
942 _cCF
999 _c67774
_d67774